Cash flow accounting : papers of the International Conference on Cash Flow Accounting held August 13 and 14, 1980 /

Saved in:
Bibliographic Details
Corporate Authors: International Conference on Cash Flow Accounting, Boston, Mass., International Group for Cash Flow Accounting, Laurentian University. School of Commerce and Administration. Research and Publication Division
Other Authors: Hunt, Pearson, Hicks, Barry E.
Format: Conference Proceeding Book
Language:English
Published: Sudbury, Ont. : International Group for Cash Flow Accounting and the Research and Publication Division, School of Commerce and Administration, Laurentian University, c1981.
Subjects:
LEADER 01395nam a22002771a 4500
001 c000159765
003 CARM
005 19910522000000.0
008 830203s1981 onc b 100 0 eng d
019 1 |a 23855920  |z 2636937  |5 LACONCORD2021 
035 |a (OCoLC)63580363  |5 LACONCORD2021 
040 |a VCAV  |b eng  |c VCAV  |d NNCU:A 
082 0 4 |a 657.72  |2 19 
111 2 |a International Conference on Cash Flow Accounting,  |d (1980 :  |c Boston, Mass.) 
245 1 0 |a Cash flow accounting :  |b papers of the International Conference on Cash Flow Accounting held August 13 and 14, 1980 /  |c edited by Barry E. Hicks and Pearson Hunt. 
260 |a Sudbury, Ont. :  |b International Group for Cash Flow Accounting and the Research and Publication Division, School of Commerce and Administration, Laurentian University,  |c c1981. 
300 |a v, 237 p. :  |c 28 cm. 
504 |a Includes bibliographical references. 
650 0 |a Cash flow  |x Accounting. 
700 1 |a Hunt, Pearson. 
700 1 |a Hicks, Barry E. 
710 2 |a International Group for Cash Flow Accounting. 
710 2 |a Laurentian University.  |b School of Commerce and Administration.  |b Research and Publication Division. 
852 8 |b CARM  |h A2:AL35D1  |i D05648  |p 0210381  |f BK 
999 f f |i 5a1bf856-bfba-5388-882e-589fc42c90ce  |s 1c7b4cf8-c750-5d10-b467-2a0f19b8ebf5 
952 f f |p Can circulate  |a CAVAL  |b CAVAL  |c CAVAL  |d CARM 1 Store  |e D05648  |f A2:AL35D1  |h Other scheme  |i book  |m 0210381